000 00644cam a22001935a 4500
001 L155975
008 120424s1870 xxk f 000 0 eng d
035 _a(Sirsi) u155975
041 0 _aeng
100 1 _aHunt, Arthur Joseph
_db. 1835
245 0 4 _aThe law relating to boundaries and fences
_band to the rights of property on the sea shore and in the beds of public rivers and other waters
250 _a2nd ed.
260 _aLondon
_bButterworths
_c1870
300 _axx, 330 p.
_c20 cm.
583 _aCondition reviewed
_c20120620
_lcondition level 1
651 4 _aGreat Britain
_y1707-
690 _aBoundary disputes
_96221
942 _n0
999 _c113955
_d113955